| 000 | 00392nam a2200169Ia 4500 | ||
|---|---|---|---|
| 008 | 100122s9999 xx 000 0 und d | ||
| 082 |
_b10050 _a923.254 |
||
| 100 | _aZAKARIA RAFIQ | ||
| 245 | _aA Study Of Nehru | ||
| 260 |
_bTIMES OF INDIA _c2004 |
||
| 300 | _a478 | ||
| 520 | _aNehru | ||
| 620 | _aNehru | ||
| 630 | _aA Study Of Nehru | ||
| 730 | _aA Study Of Nehru | ||
| 942 | _cBOOK | ||
| 999 |
_c444091 _d444088 |
||